|
|
|
|
| LEADER |
00938nam a2200277 a 4500 |
| 001 |
3848 |
| 003 |
BD-DhAAL |
| 005 |
20150607123019.0 |
| 008 |
150607s1993 maua b 001 0 eng |
| 010 |
|
|
|a 92072392
|
| 020 |
|
|
|a 0395632080
|
| 040 |
|
|
|a DLC
|c DLC
|d BD-DhAAL
|
| 050 |
0 |
0 |
|a T11
|b .P383 1993
|
| 082 |
0 |
0 |
|a 808/.0666
|2 20
|
| 100 |
1 |
|
|a Pauley, Steven E.
|9 11762
|
| 245 |
1 |
0 |
|a Technical report writing today /
|c Steven E. Pauley, Daniel G. Riordan.
|
| 250 |
|
|
|a 5th ed.
|
| 260 |
|
|
|a Boston :
|b Houghton Mifflin Co.,
|c c1993.
|
| 300 |
|
|
|a xxii, 500 p. :
|b ill. ;
|c 24 cm.
|
| 504 |
|
|
|a Includes bibliographical references and index.
|
| 541 |
|
|
|e 3848
|
| 650 |
|
0 |
|a Technical writing.
|9 11763
|
| 700 |
1 |
|
|a Riordan, Daniel G.
|9 11764
|
| 942 |
|
|
|2 ddc
|c BK
|
| 999 |
|
|
|c 34637
|d 34637
|
| 952 |
|
|
|0 0
|1 0
|2 ddc
|4 0
|6 808_066600000000000_PAU
|7 0
|9 54096
|a SCL
|b SCL
|c GEN
|d 2015-06-07
|l 1
|o 808.0666 PAU
|p 3020003848
|r 2019-11-13
|s 2019-11-05
|t 1
|w 2015-06-07
|y BK
|